Cities with "tan" in their names - Statistics

General Stats
  • This quiz has been taken 23 times
  • The average score is 4 of 20
Answer Stats
Area City % Correct
Turkey Istanbul
100%
Madagascar Antananarivo
84%
Central Asia Astana
53%
North Africa Tangier
53%
Romania Constanta
26%
North Africa Constantine
16%
Cuba Guantanamo
16%
Spain Santander
16%
Italy Catania
11%
Pakistan Multan
11%
Essex Stansted Mountfitchet
11%
China Tangshan
11%
California Fontana
5%
Carolinas Spartanburg
5%
Central Asia Turkistan
5%
USA Chattanooga
0%
Malaysia Kuantan
0%
Israel Netanya
0%
Bangladesh Tangail
0%
Java Tangerang
0%
No matching quizzes found
Score Distribution
Percent of People with Each Score
Percentile by Number Answered
Your Score History
You have not taken this quiz